| 000 | 00430 a2200193 4500 | ||
|---|---|---|---|
| 001 | 065793 | ||
| 003 | OSt | ||
| 005 | 20251205125413.0 | ||
| 008 | |||
| 082 |
_a512 _bH43T |
||
| 100 | 1 | _aHerstein, I.N. | |
| 245 | 1 |
_aTopics in algebra _cby I.N. Herstein |
|
| 250 | _a2nd ed. | ||
| 260 |
_aIndia _bWiley _c2009 |
||
| 300 | _a388p. | ||
| 500 | _aEnglish | ||
| 690 | _aAlgebra | ||
| 942 |
_2ddc _cBK |
||
| 999 |
_c129 _d129 |
||